Teilnehmer UEFA Champions League 2025/26 - Statistiken

Allgemein
  • Dieses Quiz wurde 59 mal gespielt
  • Das Durchschnittsergebnis liegt bei 40 aus 82
Antwortstatistiken
Einstiegsrunde Nation Platz Verein % Korrekt
Ligaphase Deutschland 2 Bayer 04 Leverkusen
100%
Ligaphase Deutschland 4 Borussia Dortmund
98%
Ligaphase England 1 Liverpool FC
96%
Ligaphase Deutschland 3 SG Eintracht Frankfurt
96%
Ligaphase England 2 Arsenal FC
94%
Ligaphase Deutschland 1 FC Bayern München
94%
Ligaphase Frankreich 1 Paris Saint-Germain FC
94%
Ligaphase Italien 2 Inter Mailand
92%
Ligaphase Italien 3 Juventus Turin
92%
Ligaphase Niederlande 2 Ajax Amsterdam
91%
Ligaphase Spanien 3 Atlético Madrid
91%
Ligaphase England 4 Chelsea FC
91%
Ligaphase England 3 Manchester City FC
91%
Ligaphase Spanien 2 Real Madrid CF
91%
Ligaphase England Europa League-Sieger Tottenham Hotspur FC
91%
Ligaphase Spanien 1 FC Barcelona
89%
Ligaphase Türkei 1 Galatasaray Istanbul SK
89%
Ligaphase Portugal 1 Sporting CP Lissabon
89%
Ligaphase Niederlande 1 PSV Eindhoven
87%
Ligaphase Italien 1 SSC Napoli
85%
2. Qualifikationsrunde Österreich 2 FC Red Bull Salzburg
83%
3. Qualifikationsrunde Belgien 2 Club Brugge KV
81%
Ligaphase Tschechien 1 SK Slavia Prag
81%
Qualifikations Play-Offs Schottland 1 Celtic FC Glasgow
79%
Ligaphase England 5 Newcastle United FC
79%
Ligaphase Frankreich 2 Olympique de Marseille
79%
3. Qualifikationsrunde Portugal 2 SL Benfica Lissabon
79%
3. Qualifikationsrunde Türkei 2 Fenerbahçe Istanbul SK
74%
2. Qualifikationsrunde Schottland 2 Rangers FC Glasgow
74%
Ligaphase Italien 4 Atalanta Bergamo
72%
2. Qualifikationsrunde Dänemark 1 FC Kopenhagen
70%
Qualifikations Play-Offs Schweiz 1 FC Basel
68%
Ligaphase Griechenland 1 Olympiakos Piräus FC
68%
Ligaphase Frankreich 3 AS Monaco FC
66%
3. Qualifikationsrunde Niederlande 3 Feyenoord Rotterdam
66%
2. Qualifikationsrunde Serbien 1 FK Roter Stern Belgrad
64%
Qualifikations Play-Offs Österreich 1 SK Sturm Graz
64%
2. Qualifikationsrunde Ukraine 1 FC Dynamo Kyiv
60%
Ligaphase Spanien 5 Villarreal CF
58%
Ligaphase Spanien 4 Athletic Club Bilbao
57%
2. Qualifikationsrunde Israel 1 Maccabi Tel Aviv FC
57%
2. Qualifikationsrunde Ungarn 1 Ferencvárosi Budapest TC
51%
2. Qualifikationsrunde Slowakei 1 ŠK Slovan Bratislava
47%
Ligaphase Belgien 1 Royale Union Saint-Gilloise
40%
2. Qualifikationsrunde Tschechien 2 FC Viktoria Plzeň
38%
Qualifikations Play-Offs Norwegen 1 FK Bodø/Glimt
38%
1. Qualifikationsrunde Belarus 1 FC Dinamo Minsk
36%
2. Qualifikationsrunde Griechenland 2 Panathinaikos FC
36%
3. Qualifikationsrunde Frankreich 4 OGC Nice
34%
1. Qualifikationsrunde Rumänien 1 FCSB
32%
1. Qualifikationsrunde Schweden 1 Malmö FF
32%
2. Qualifikationsrunde Polen 1 Lech Posen
30%
2. Qualifikationsrunde Aserbaidschan 1 Qarabağ Aghdam FK
28%
1. Qualifikationsrunde Lettland 1 FK RFS Riga
26%
1. Qualifikationsrunde Litauen 1 FK Žalgiris Vilnius
23%
1. Qualifikationsrunde Montenegro 1 FK Budućnost Podgorica
21%
2. Qualifikationsrunde Schweiz 2 Servette FC Genf
21%
1. Qualifikationsrunde Kasachstan 1 FC Kairat Almaty
17%
2. Qualifikationsrunde Zypern 1 Pafos FC
15%
2. Qualifikationsrunde Kroatien 1 HNK Rijeka
13%
2. Qualifikationsrunde Norwegen 2 SK Brann Bergen
13%
1. Qualifikationsrunde Estland 1 FCI Levadia Tallinn
11%
1. Qualifikationsrunde Färöer 1 Víkingur Gøta Leirvík
9%
1. Qualifikationsrunde Bulgarien 1 PFC Ludogorets Razgrad
8%
1. Qualifikationsrunde Bosnien & Herzegowina 1 HŠK Zrinjski Mostar
6%
1. Qualifikationsrunde Island 1 Breiðablik
4%
1. Qualifikationsrunde Kosovo 1 FC Drita
4%
1. Qualifikationsrunde Armenien 1 FC Noah
4%
1. Qualifikationsrunde Malta 1 Hamrun Spartans FC
4%
1. Qualifikationsrunde Finnland 1 Kuopion Palloseura (KuPS)
4%
1. Qualifikationsrunde Gibraltar 1 Lincoln Red Imps FC
4%
1. Qualifikationsrunde Nordirland 1 Linfield FC
4%
1. Qualifikationsrunde Slowenien 1 NK Olimpija Ljubljana
4%
1. Qualifikationsrunde Wales 1 The New Saints FC
4%
1. Qualifikationsrunde San Marino 1 AC Virtus
2%
1. Qualifikationsrunde Georgien 1 FC Iberia 1999
2%
1. Qualifikationsrunde Moldau 1 FC Milsami Orhei
2%
1. Qualifikationsrunde Albanien 1 KF Egnatia Rrogozhinë
2%
1. Qualifikationsrunde Irland 1 Shelbourne FC
2%
1. Qualifikationsrunde Luxemburg 1 FC Differdange 03
0%
1. Qualifikationsrunde Andorra 1 Inter Club d'Escaldes
0%
1. Qualifikationsrunde Nordmazedonien 1 KF Shkëndija
0%
Keine übereinstimmenden Quizze gefunden
Verteilung der Resultate
Anzahl Personen mit jedem Resultat
Perzentil nach korrekt beantworteten Fragen
Ihre Resultats-Entwicklung
Sie haben dieses Quiz noch nicht gespielt